000 00300nam a2200121Ia 4500
008 241028s9999 xx 000 0 und d
041 _aeng
082 _a332.63 PAR
100 _aParameswaran
245 _aFixed Income Securities
260 _bWiley India
_aNew Delhi
_c2023
300 _a183;. P. 27 cm
999 _c43042
_d43042